Всё о медвежонке Паддингтоне (Запись № 11965716)

Подробности
000 -МАРКЕР
контрольное поле 01791nam0a2200337 i 4500
001 - ИДЕНТИФИКАТОР ЗАПИСИ
контрольное поле RU\NLR\BIBL_A\011209825
005 - ИДЕНТИФИКАТОР ВЕРСИИ
контрольное поле 20260406095554.0
010 ## - МЕЖДУНАРОДНЫЙ СТАНДАРТНЫЙ НОМЕР КНИГИ (ISBN)
Номер (ISBN) 9785389112254
Тираж 7000
021 ## - НОМЕР ГОСУДАРСТВЕННОЙ РЕГИСТРАЦИИ
Код страны Российская Федерация
Номер 2016-64861
Номер Листа государственной регистраци 4144
035 ## - ДРУГИЕ СИСТЕМНЫЕ НОМЕРА
Идентификатор записи (NLR Aleph) 011209825
100 ## - ДАННЫЕ ОБЩЕЙ ОБРАБОТКИ
Данные общей обработки 20160907d2016 c y0rusy50 ca
101 1# - ЯЗЫК РЕСУРСА
Язык текста, звукозаписи и т.д. русский
Язык оригинала английский
102 ## - СТРАНА ПУБЛИКАЦИИ ИЛИ ПРОИЗВОДСТВА
Страна публикации Российская Федерация
105 ## - ПОЛЕ КОДИРОВАННЫХ ДАННЫХ: ТЕКСТОВЫЕ МАТЕРИАЛЫ, МОНОГРАФИЧЕСКИЕ
Кодированные данные о монографическом текстовом документе a z 000ay
200 1# - ЗАГЛАВИЕ И СВЕДЕНИЯ ОБ ОТВЕТСТВЕННОСТИ
Основное заглавие Всё о медвежонке Паддингтоне
Сведения, относящиеся к заглавию новые небывалые истории
-- [повести
-- для младшего школьного возраста]
Первые сведения об ответственности Майкл Бонд
Последующие сведения об ответственности [пер. с англ. Александры Глебовской, Катерины Сиверцевой
-- ил. в тексте Пегги Фортнум, Р. В. Элли]
210 ## - ПУБЛИКАЦИЯ, РАСПРОСТРАНЕНИЕ И ДР.
Место издания, распространения и т.д. Санкт-Петербург
Имя издателя, распространителя и т. д. Азбука
-- Азбука-Аттикус
Дата издания, распространения и т.д. 2016
215 ## - ФИЗИЧЕСКАЯ ХАРАКТЕРИСТИКА
Специфическое обозначение материала и объем 507, [2] с.
Другие сведения о физической характеристике ил.
Размеры 25
225 1# - СЕРИЯ
Основное заглавие серии Серия "Всё о..."
300 ## - ОБЩИЕ ПРИМЕЧАНИЯ
Текст примечания На тит. л. и обл.: Медвежонок Паддингтон сдаёт экзамен, Медвежонок Паддингтон здесь и сейчас, Медвежонок Паддингтон - чемпион, Медвежонок Паддингтон. С любовью - заглавия книг, которые легли в основу данного изд.
333 ## - ПРИМЕЧАНИЯ ОБ ОСОБЕННОСТЯХ РАСПРОСТРАНЕНИЯ И ИСПОЛЬЗОВАНИЯ
Текст примечания 6+
686 0# - ИНДЕКСЫ ДРУГИХ КЛАССИФИКАЦИЙ
Индекс Ш9(4Вл)60-4
700 #1 - ИМЯ ЛИЦА - ПЕРВИЧНАЯ ОТВЕТСТВЕННОСТЬ
Начальный элемент ввода Бонд
Часть имени, кроме начального элемента ввода М.
Даты 1926-2017
Расширение инициалов личного имени Майкл
Идентификатор авторитетной/нормативной записи RU\NLR\AUTH\7772784
Системный номер авторитетной/нормативной записи 55712
702 #1 - ИМЯ ЛИЦА - ВТОРИЧНАЯ ОТВЕТСТВЕННОСТЬ
Начальный элемент ввода Фортнум
Часть имени, кроме начального элемента ввода П.
Расширение инициалов личного имени Пегги
Код отношения Иллюстратор
702 #1 - ИМЯ ЛИЦА - ВТОРИЧНАЯ ОТВЕТСТВЕННОСТЬ
Начальный элемент ввода Элли
Часть имени, кроме начального элемента ввода Р.В.
Расширение инициалов личного имени Роберт В.
Код отношения Иллюстратор
942 ## - ДОПОЛНИТЕЛЬНЫЕ ЭЛЕМЕНТЫ ЗАПИСИ (АБИС)
Тип экземпляра АБИС Книга
980 ## - КОЛЛЕКЦИЯ
Название коллекции НБР

Нет доступных экземпляров.